01800nam a2200409 u 4500001000800000005001700008007001000025008004100035035001200076040001300088041000800101082000800109100005500117245008200172260003800254300001300292650004900305650006100354650003600415650003500451700005800486700005200544700004900596700005500645700005400700700005900754700006200813700004700875700005800922700004500980700005701025700005501082700005601137942000901193999001901202952016901221146372220260508091002.0co|||||||170407e20100102 spa  a1463722 ccomduadb aspa 4a30510aBejarano Mosquera, Karen Julieth4auteaut965480010aEtnografía del municipio de San Pedro de Urabá (Antioquia). Informe final aTurbo :b[sin publicador],c2010. a1 CD-ROM 7aUrabáz (Antioquia, Colombia)2lemb932316 aUrabá (Antioquia) - Condiciones socioculturales981126 aEtnografía - Colombia9192699 aMétodo etnográfico916346710aAbadía Mosquera, Wisthon Andrés4auteaut966241210aLesmes Caro, Raúl Sneydhert4auteaut962809210aMena Moreno, Karen Yuleysi4auteaut967153210aPantoja Solano, Wilfrent Elías4auteaut963966210aPalacios Ramírez, Maria Ledis4auteaut974524310aFurnieles López, Norbey de Jesús4auteaut973572510aJiménez Hernández, Leonardo Alberto4auteaut975196710aIris Blandón, Mónica4auteaut973977110aPeláez Restrepo, María Cristina4auteaut973572610aPrada Zambrano, Jeiler4auteaut971361010aPatiño Ramírez, Eliana Marcela4auteaut973977310aSánchez Garzón, Jorge Evelio4auteaut973977410aÁlvarez Ibáñez, Santis Otis4auteaut9623916 cBOOK c752895d752895 001040708DIGITALaSCDMbSCDMd2017-04-07eMaterial adquirido por donacióniC1260750l0o305.8 E84 CD-ROMp01007647r2023-05-03 00:00:00t1w2023-05-03yDIGITAL